000 01246cam a2200349 a 4500
001 16857616
003 OSt
005 20230919101810.0
008 110603s2011 ii ab b 000 0 eng
010 _a 2011323892
020 _a9780670085699
025 _aI-E-2011-323892; 69-92
035 _a(IN-NdUBS) 2011323892
037 _bLibrary of Congress -- New Delhi Overseas Office
040 _aDLC
_cDLC
_dDLC
042 _alcode
_apcc
043 _aa-ii---
050 0 0 _aHX393.5
_b.R676 2011
082 _a954.0532
_bROY/S
100 1 _aRoy, Arundhati.
245 1 0 _aBroken republic :
_bthree essays /
_cArundhati Roy.
260 _aNew Delhi :
_bHamish Hamilton,
_c2011.
300 _axii, 220 p. :
_bcol. ill., 1 col. map ;
_c20 cm.
504 _aIncludes bibliographical references (p. 215-220).
520 _aOn Naxalite movement and Indian state's counter insurgency methods and other policies.
650 0 _aNaxalite movement.
650 0 _aCounterinsurgency
_zIndia.
651 0 _aIndia
_xPolitics and government
_y21st century.
906 _a7
_bcbc
_corigode
_d3
_encip
_f20
_gy-gencatlg
942 _2ddc
_cBK
_h954.0532
_iROY/S
_k954.0532
_mROY/S
999 _c42175
_d42175